000 00375nam a22001457a 4500
003 OSt
005 20220107122823.0
008 161020b xxu||||| |||| 00| 0 eng d
040 _cIIITMK
100 _aSruthi P V (93615033)
_910976
245 _aWater overflow alarm system using IoT
300 _aCSIS - Mini Project
650 _aINTERNET OF THINGS
_911414
942 _2ddc
_cPR
999 _c5478
_d5478